[Event "GER-ch U25-B"]
[Site "Willingen"]
[Date "2018.05.25"]
[Round "8"]
[White "Cozzuto, Alessandro"]
[Black "Seliokaite, Ana"]
[Result "1-0"]
[WhiteElo "1635"]
[BlackElo "1337"]
[PlyCount "53"]
[EventDate "2018.05.19"]
[EventType "swiss"]
[EventRounds "9"]
[EventCountry "GER"]
[SourceTitle "CBM 184 Extra"]
[Source "ChessBase"]
[SourceDate "2018.06.28"]
[SourceVersion "1"]
[SourceVersionDate "2018.06.28"]
[SourceQuality "1"]

1. e4 c5 2. Nc3 g6 3. f4 Bg7 4. Nf3 d6 5. Bb5+ Bd7 6. Bc4 Nf6 7. 0-0 0-0 8. d3 Bc6 9. e5 dxe5 10. fxe5 Ng4 11. e6 f6 12. Bb3 Na6 13. Qe1 Nc7 14. Qh4 Ne5 15. Nxe5 fxe5 16. Bg5 Qd4+ 17. Kh1 Qxh4 18. Bxh4 Bf6 19. Bg3 Kg7 20. Rae1 Rae8 21. Kg1 b6 22. Bxe5 Bxe5 23. Rxe5 Bb7 24. Rf7+ Kg8 25. Ne4 h6 26. Nf6+ exf6 27. Rxc7 1-0